|
|
|
|
| LEADER |
01385nam a22003613a 4500 |
| 001 |
35491 |
| 003 |
BD-DhAAL |
| 005 |
20211129155419.0 |
| 008 |
190915r20062005enka b 001 0 eng d |
| 999 |
|
|
|c 41258
|d 41258
|
| 010 |
|
|
|a 2004096886
|
| 015 |
|
|
|a GBA491401
|2 bnb
|
| 016 |
7 |
|
|a 013069698
|2 Uk
|
| 020 |
|
|
|a 9781412901147
|
| 020 |
|
|
|a 1412901138 (cased)
|
| 020 |
|
|
|a 1412901146 (pbk.)
|
| 035 |
|
|
|a (OCoLC)ocm57355686
|
| 040 |
|
|
|a UKM
|b eng
|c UKM
|d BWKUK
|d DLC
|
| 043 |
|
|
|a e-uk---
|
| 050 |
0 |
0 |
|a MLCM 2006/11630
|
| 082 |
0 |
4 |
|a 372.60440941
|2 22
|
| 100 |
1 |
|
|a Pahl, Kate.
|9 34635
|
| 245 |
1 |
0 |
|a Literacy and education :
|b understanding the new literacy studies in the classroom /
|c Kate Pahl and Jennifer Rowsell.
|
| 260 |
|
|
|a London :
|b Paul Chapman,
|c c2005 [reprinted 2006]
|
| 300 |
|
|
|a xvii, 173 pages :
|b illustrations, ;
|c 25 cm.
|
| 504 |
|
|
|a Includes bibliographical references and index.
|
| 526 |
|
|
|a BIED
|
| 541 |
|
|
|a Complimentary copy from BIED
|e 35491
|
| 650 |
|
0 |
|a Literacy
|x Study and teaching
|z Great Britain.
|9 34636
|
| 700 |
1 |
|
|a Rowsell, Jennifer,
|d 1969-
|9 34637
|
| 852 |
|
|
|a Ayesha Abed Library
|c BIED Collection
|
| 942 |
|
|
|2 ddc
|c BK
|
| 952 |
|
|
|0 0
|1 0
|2 ddc
|4 0
|6 372_604409410000000_PAH
|7 0
|9 66313
|a BRACUL
|b BRACUL
|c GEN
|d 2019-09-15
|e Complimentary copy from BIED
|l 0
|o 372.60440941 PAH
|p 3010035491
|r 2019-09-15
|t 1
|w 2019-09-15
|y BK
|x Transferred from BIED to General Stacks
|